000 00358nam a2200157Ia 4500
008 230711s9999||||xx |||||||||||||| ||und||
041 _aENG
082 _a372.6
_bKA-L
100 _aKalra,Pardeep
245 0 _aCommunicative english
250 _a2nd Ed.
260 _c2011
_aJalandhar
_bMBD
300 _a199
650 _aCOMMUNICATION SKILL
942 _cBK
999 _c5532
_d5532